| 000 | 01421cam a2200397 a 4500 | ||
|---|---|---|---|
| 001 | data | ||
| 005 | 20260322212103.0 | ||
| 008 | data | ||
| 035 | _a2349687 | ||
| 906 |
_a7 _bcbc _corignew _d1 _eocip _f19 _gy-gencatlg |
||
| 010 | _a 83004481 | ||
| 035 | _9(DLC) 83004481 | ||
| 040 |
_aDLC _cDLC _dOCoLC _dOCoLC |
||
| 050 | 1 | 0 |
_aRD521 _b.O85 vol. 16, no. 2 _aRD521 |
| 060 |
_aWE 705 S99206 _aWE 705 S99206 |
||
| 082 | 0 | 0 |
_a617/.510592 _a617/.510592 _219 |
| 245 | 0 | 0 |
_aSymposium on reconstruction in head and neck surgery / _cC. Thomas Yarington, Jr., guest editor. |
| 260 |
_aPhiladelphia : _bSaunders, _cc1983. |
||
| 300 |
_avii p., p. 305-469 : _bill. ; _c24 cm. |
||
| 336 |
_atext _btxt _2rdacontent |
||
| 337 |
_aunmediated _bn _2rdamedia |
||
| 338 |
_avolume _bnc _2rdacarrier |
||
| 490 | 1 |
_aThe Otolaryngologic clinics of North America, _x0030-6665 ; _vv. 16, no. 2 (May 1983) |
|
| 500 | _aCover title: Reconstruction in head and neck surgery. | ||
| 504 | _aIncludes bibliographies and index. | ||
| 650 | 0 |
_aHead _xSurgery. |
|
| 650 | 0 |
_aNeck _xSurgery. |
|
| 650 | 0 | _aSurgery, Plastic. | |
| 650 | 2 |
_aHead _xSurgery. |
|
| 650 | 2 |
_aNeck _xSurgery. |
|
| 650 | 2 | _aSurgery, Plastic. | |
| 700 | 1 |
_aYarington, C. Thomas, _d1934- |
|
| 740 | 0 | _aReconstruction in head and neck surgery. | |
| 830 | 0 |
_aOtolaryngologic clinics of North America ; _vv. 16, no. 2. |
|
| 999 |
_c1495 _d1495 |
||